000 00714nam a2200289Ia 4500
005 20260324124819.0
008 008 260324s9999 xx 000 0 eng d
020 _a9780203851159
037 _aEBOOK
040 _aCRL
040 _beng
040 _cCRL
041 _2eng
041 _aeng
084 _qCRL
100 _aChristopher Daase; Cornelius Friesendorf
_91175587
245 0 _aRethinking Security Governance
245 4 _bThe Problem of Unintended Consequences
260 _bTaylor and Francis
260 _c2010
365 _a
365 _b240
856 _uhttp://www.taylorfrancis.com/books/9780203851159
942 _cEBOOK
999 _c1770320
_d1770320